000
00315nam a22001217a 4500
008
160422b xxu||||| |||| 00| 0 eng d
020
_a
9780781722735
020
_a
078172273
041
_a
eng
080
_a
618.2
245
_a
Fundamentals of nursing:
_c
Carol Taylor;Carol Lills; Priscilla Le Mone;
942
_2
udc
_c
BK
999
_c
1516
_d
1516